Cartas de Matta: cartas de Roberto Matta a Luis Mitrovic

Saved in:
Bibliografiske detaljer
Format: Bog
Sprog:spansk
Udgivet: Santiago Eco 2003
Udgivelse:1a. ed
Fag:
Tags: Tilføj Tag
Ingen Tags, Vær først til at tagge denne postø!

MARC

LEADER 00000cam a2200000 a 4500
001 UCF2766
003 CL-VaPUC
008 120910e20030000CL |||||||||||||||||spa|d
020 |a 9568178163 
082 0 4 |a Ch866  |b CAR  |2 21 
245 1 0 |a Cartas de Matta: cartas de Roberto Matta a Luis Mitrovic 
250 |a 1a. ed 
300 |a 193 p 
942 |c BK 
945 |d 20120910 00:00:00  |a dcastane 
260 |a Santiago  |b Eco  |c 2003 
600 0 7 |a MITROVICH BALBONTIN, LUIS, 1911-2008  |2 CL-VaPUC  |9 564565 
600 0 |a Matta, Roberto,  |d 1911-2002  |9 474854 
650 7 |a CORRESPONDENCIAS  |2 CL-VaPUC  |9 256500 
650 7 |a CORRESPONDENCIAS CHILENAS  |2 CL-VaPUC  |9 455641 
583 |a last modification  |c 20120928 09:55:42  |k Rodrigo Vera 
999 |c 349305  |d 349303 
952 |0 0  |1 0  |2 ddc  |4 0  |6 CH_866_000000000000000_CAR_2003  |7 0  |8 X  |9 451881  |a BIBART  |b BIBART  |d 2019-11-22  |i 4896173  |o Ch866 CAR 2003  |p 4896173  |r 2025-03-13  |w 2019-11-22  |y BK_X  |k ART